Districts of Kerela in alphabetical order - Statistics

General Stats
  • This quiz has been taken 12 times
  • The average score is 6 of 14
Answer Stats
Hint Answer % Correct
T Thiruvananthapuram
83%
E Ernakulam
67%
K Kollam
67%
T Thrissur
58%
W Wayanad
58%
A Alappuzha
50%
K Kottayam
50%
I Idukki
42%
K Kannur
33%
K Kasaragod
25%
K Kozhikode
25%
M Malappuram
25%
P Pallakad
25%
P Pathanamthitta
25%
No matching quizzes found
Score Distribution
Percent of People with Each Score
Percentile by Number Answered
Your Score History
You have not taken this quiz